Central Library OPAC University of Rajshahi

গোবিন্দচন্দ্র দাসের ঘর-গেরস্থালি / (Record no. 53831)

MARC details
000 -LEADER
fixed length control field 01020nam a2200253 a 4500
001 - CONTROL NUMBER
control field 53831
003 - CONTROL NUMBER IDENTIFIER
rucl marc code BD-RjUL
005 - DATE AND TIME OF LATEST TRANSACTION
control field 20211209080028.0
008 - FIXED-LENGTH DATA ELEMENTS--GENERAL INFORMATION
fixed length control field 161026s1981 bg ||||| |||| 00| 0 ben d
020 ## - INTERNATIONAL STANDARD BOOK NUMBER
Terms of availability : TK 10.00
035 ## - SYSTEM CONTROL NUMBER
System control number (BD-RjUL)53953
040 ## - CATALOGING SOURCE
Original cataloging agency BD-RjUL
Language of cataloging ben
Transcribing agency BD-RjUL
041 ## - LANGUAGE CODE
Language code of text/sound track or separate title ben
082 ## - DEWEY DECIMAL CLASSIFICATION NUMBER
Edition number 23
Classification number 891.44109
Author mark and year MAG 1981
100 ## - MAIN ENTRY--PERSONAL NAME
Personal name মকসুদ, সৈয়দ আবুল
9 (RLIN) 121570
245 10 - TITLE STATEMENT
Title গোবিন্দচন্দ্র দাসের ঘর-গেরস্থালি /
Statement of responsibility, etc. সৈয়দ আবুল মকসুদ
260 ## - PUBLICATION, DISTRIBUTION, ETC. (IMPRINT)
Place of publication, distribution, etc. ঢাকা :
Name of publisher, distributor, etc. কান্টিনেন্টাল পাবলিশার্স,
Date of publication, distribution, etc. ১৯৮১
300 ## - PHYSICAL DESCRIPTION
Pagination ৭৭ পৃ. ;
Size ২১ সেমি.
600 ## - SUBJECT ADDED ENTRY--PERSONAL NAME
Personal name দাস, গোবিন্দ্রচন্দ্র,
General subdivision জীবনী
Titles and other words associated with a name Das, Gobinda chandra
General subdivision Biography
650 ## - SUBJECT ADDED ENTRY--TOPICAL TERM
Topical term or geographic name as entry element বাংলা কবিতা
9 (RLIN) 160788
Topical term or geographic name as entry element Bengali Poetry
9 (RLIN) 160789
942 ## - ADDED ENTRY ELEMENTS (KOHA)
Source of classification or shelving scheme Dewey Decimal Classification
Koha item type Books
Holdings
Lost status Source of classification or shelving scheme Damaged status Not for loan Collection code Permanent Location Current Location Shelving location Date acquired Source of acquisition Cost, normal purchase price Total Checkouts Full call number Date last seen Copy number Koha item type
  Dewey Decimal Classification     Non-fiction Central Library, University of Rajshahi Central Library, University of Rajshahi   10/04/1984 Komola Book 10.00   B 891.441092 MAG 1981 26/10/2016 C-2 Books